|
|
|
|
| LEADER |
00000cam a22000002c 4500 |
| 001 |
1650905572 |
| 003 |
DE-627 |
| 005 |
20260115115935.0 |
| 007 |
cr uuu---uuuuu |
| 008 |
110503s2011 gw |||||o 00| ||ger c |
| 020 |
|
|
|a 9783531932194
|9 978-3-531-93219-4
|
| 024 |
7 |
|
|a 10.1007/978-3-531-93219-4
|2 doi
|
| 035 |
|
|
|a (DE-627)1650905572
|
| 035 |
|
|
|a (DE-576)343192756
|
| 035 |
|
|
|a (DE-599)BSZ343192756
|
| 035 |
|
|
|a (OCoLC)725278432
|
| 035 |
|
|
|a (DE-He213)978-3-531-93219-4
|
| 035 |
|
|
|a (DE-627-1)038833115
|
| 040 |
|
|
|a DE-627
|b ger
|c DE-627
|e rakwb
|
| 041 |
|
|
|a ger
|
| 044 |
|
|
|c XA-DE
|
| 050 |
|
0 |
|a JA1-92
|
| 072 |
|
7 |
|a JPA
|2 bicssc
|
| 072 |
|
7 |
|a POL000000
|2 bisacsh
|
| 082 |
0 |
|
|a 305.2350943
|
| 082 |
0 |
|
|a 320
|
| 084 |
|
|
|a MG 15380
|2 rvk
|0 (DE-625)rvk/122818:12126
|
| 084 |
|
|
|a 89.21
|2 bkl
|
| 084 |
|
|
|a 71.35
|2 bkl
|
| 084 |
|
|
|a 89.62
|2 bkl
|
| 100 |
1 |
|
|a Schedler, Jan
|d 1977-
|0 (DE-588)1011449412
|0 (DE-627)662705181
|0 (DE-576)332931501
|4 aut
|
| 109 |
|
|
|a Schedler, Jan 1977-
|
| 245 |
1 |
0 |
|a Autonome Nationalisten
|b Neonazismus in Bewegung
|c herausgegeben von Jan Schedler, Alexander Häusler
|
| 264 |
|
1 |
|a Wiesbaden
|b VS Verlag für Sozialwissenschaften
|c 2011
|
| 300 |
|
|
|a Online-Ressource (328S, digital)
|
| 336 |
|
|
|a Text
|b txt
|2 rdacontent
|
| 337 |
|
|
|a Computermedien
|b c
|2 rdamedia
|
| 338 |
|
|
|a Online-Ressource
|b cr
|2 rdacarrier
|
| 490 |
0 |
|
|a SpringerLink
|a Bücher
|
| 520 |
|
|
|a Schwarz vermummte Jugendliche hinter bunten Transparenten, Slogans wie „Smash Capitalism!“ oder „Fight the system!“: Mit den ,Autonomen Nationalisten’ (AN) ist eine neue Generation von Neonazis in Erscheinung getreten, die derem bisherigen Klischeebild komplett widerspricht. Stilistisch angelehnt an jugendkulturelle Ausdrucksformen der Linken, sorgten diese ,neuen Nazis’ gleichermaßen für allgemeine Irritation wie für Sogwirkung in der extremen Rechten. Eine eingehende wissenschaftliche Beschäftigung mit diesem Phänomen stand bislang aus. Erstmalig werden hier umfassend Herausbildung, Entwicklung und Wirkungsmächtigkeit der AN analysiert. Inszenierungspraxen, Selbstbild und Weltanschauung werden ebenso untersucht wie das Verhältnis zur NPD, aber auch die Lebenswelt der Akteure. Der unterschiedlichen Situation in den Bundesländern wird durch Beiträge zur regionalen Entwicklung Rechnung getragen, ergänzt um einen Blick auf die internationale Rezeption. Abgeschlossen wird der Sammelband durch sozial- und kulturhistorische Bezüge sowie eine theoretische Verortung unter Einbeziehung verschiedener Ansätze der sozialwissenschaftlichen Bewegungsforschung
|
| 650 |
|
0 |
|a Social Sciences
|
| 650 |
|
0 |
|a Social Sciences
|
| 650 |
|
0 |
|a Political Science
|
| 650 |
|
4 |
|a Bewegungen, Soziale und politische
|
| 650 |
|
4 |
|a Rechte Parteien und Organisationen
|
| 650 |
|
4 |
|a Rechtsextremismus
|
| 650 |
|
4 |
|a Rechtsextremismus
|
| 650 |
|
4 |
|a Rechtsradikalismus
|
| 650 |
|
4 |
|a Neonazismus
|
| 650 |
|
4 |
|a Protestbewegung
|
| 650 |
|
4 |
|a Deutschland, ab 1990
|
| 650 |
|
4 |
|a Autonome Nationalisten
|
| 650 |
|
4 |
|a AN
|
| 655 |
|
7 |
|a Aufsatzsammlung
|0 (DE-588)4143413-4
|0 (DE-627)105605727
|0 (DE-576)209726091
|2 gnd-content
|
| 689 |
0 |
0 |
|d g
|0 (DE-588)4011882-4
|0 (DE-627)104704861
|0 (DE-576)208896155
|a Deutschland
|2 gnd
|
| 689 |
0 |
1 |
|d s
|0 (DE-588)4114114-3
|0 (DE-627)104151838
|0 (DE-576)209482001
|a Jugendkultur
|2 gnd
|
| 689 |
0 |
2 |
|d s
|0 (DE-588)4048829-9
|0 (DE-627)104325372
|0 (DE-576)209079428
|a Rechtsradikalismus
|2 gnd
|
| 689 |
0 |
3 |
|d s
|0 (DE-588)4140349-6
|0 (DE-627)105628506
|0 (DE-576)209702036
|a Gruppenidentität
|2 gnd
|
| 689 |
0 |
|
|5 DE-101
|
| 700 |
1 |
|
|a Häusler, Alexander
|d 1963-
|0 (DE-588)1014449057
|0 (DE-627)666980349
|0 (DE-576)348832559
|4 oth
|
| 776 |
1 |
|
|z 9783531170497
|
| 776 |
0 |
8 |
|i Buchausg. u.d.T.
|t Autonome Nationalisten
|b 1. Auflage
|d Wiesbaden : VS Verlag für Sozialwissenschaften, 2011
|h 328 Seiten
|w (DE-627)1620913151
|w (DE-576)309152518
|z 9783531170497
|k Non-Electronic
|
| 856 |
4 |
0 |
|u https://doi.org/10.1007/978-3-531-93219-4
|m X:SPRINGER
|x Verlag
|z lizenzpflichtig
|3 Volltext
|7 1
|
| 912 |
|
|
|a ZDB-2-SGR
|b 2011
|
| 935 |
|
|
|a rexa
|
| 936 |
r |
v |
|a MG 15380
|b Geschichte, Struktur, Probleme
|k Politologie
|k Politische Systeme einzelner Länder
|k Europa, Nordamerika
|k Westeuropa, Mitteleuropa
|k Bundesrepublik Deutschland
|k Bundesrepublik Deutschland
|k Parteien und politische Bewegungen
|k Mehrere Parteien, Parteiensysteme
|k Rechtsradikalismus
|k Geschichte, Struktur, Probleme
|0 (DE-627)1270709275
|0 (DE-625)rvk/122818:12126
|0 (DE-576)200709275
|
| 936 |
b |
k |
|a 89.21
|j Faschismus
|q SEPA
|0 (DE-627)106414607
|
| 936 |
b |
k |
|a 71.35
|j Kindersoziologie
|j Jugendsoziologie
|q SEPA
|0 (DE-627)106412698
|
| 936 |
b |
k |
|a 89.62
|j Politische Bewegungen
|q SEPA
|0 (DE-627)106417169
|
| 951 |
|
|
|a BO
|
| ELC |
|
|
|a 1
|
| LOK |
|
|
|0 000 xxxxxcx a22 zn 4500
|
| LOK |
|
|
|0 001 3339994161
|
| LOK |
|
|
|0 003 DE-627
|
| LOK |
|
|
|0 004 1650905572
|
| LOK |
|
|
|0 005 20141117135945
|
| LOK |
|
|
|0 008 110503||||||||||||||||ger|||||||
|
| LOK |
|
|
|0 040
|a DE-21
|c DE-627
|d DE-21
|
| LOK |
|
|
|0 689
|a s
|a eBook-Springer-Geistes-und-Sozialwissenschaften-Recht-2011-11776
|
| LOK |
|
|
|0 852
|a DE-21
|
| LOK |
|
|
|0 852 1
|m n
|9 00
|
| LOK |
|
|
|0 85640
|u http://dx.doi.org/10.1007/978-3-531-93219-4
|z Zugang für die Universität Tübingen
|
| LOK |
|
|
|0 912
|a ZDB-2-SGR
|
| LOK |
|
|
|0 935
|a ebok
|
| LOK |
|
|
|0 938
|k n
|
| LOK |
|
|
|0 939
|a 03-05-11
|b l01
|
| LOK |
|
|
|0 000 xxxxxcx a22 zn 4500
|
| LOK |
|
|
|0 001 3339994188
|
| LOK |
|
|
|0 003 DE-627
|
| LOK |
|
|
|0 004 1650905572
|
| LOK |
|
|
|0 005 20141117135945
|
| LOK |
|
|
|0 008 110503||||||||||||||||ger|||||||
|
| LOK |
|
|
|0 040
|a DE-21-24
|c DE-627
|d DE-21-24
|
| LOK |
|
|
|0 689
|a s
|a eBook-Springer-Geistes-und-Sozialwissenschaften-Recht-2011-11776
|
| LOK |
|
|
|0 852
|a DE-21-24
|
| LOK |
|
|
|0 852 1
|m n
|9 00
|
| LOK |
|
|
|0 85640
|u http://dx.doi.org/10.1007/978-3-531-93219-4
|z Zugang für die Universität Tübingen
|
| LOK |
|
|
|0 912
|a ZDB-2-SGR
|
| LOK |
|
|
|0 935
|a e024
|
| LOK |
|
|
|0 938
|k n
|
| LOK |
|
|
|0 939
|a 03-05-11
|b l01
|
| ORI |
|
|
|a SA-MARC-krimdoka001.raw
|
| TIM |
|
|
|a 100019901003_100020261231
|b 1990-10-03 - 2026
|